Assessment of General Practitioners' Performance in Daily Practice : The EURACT Performance Agenda of General Practice/Family Medicine.

Bibliographic Details
Main Author: Wilm, Stefan.
Format: eBook
Language:English
Published: Düsseldorf : Walter de Gruyter GmbH, 2014.
Edition:1st ed.
Subjects:
Online Access:Click to View
LEADER 01491nam a22003373i 4500
001 EBC7015193
003 MiAaPQ
005 20231204023225.0
006 m o d |
007 cr cnu||||||||
008 231204s2014 xx o ||||0 eng d
020 |a 9783110720105  |q (electronic bk.) 
035 |a (MiAaPQ)EBC7015193 
035 |a (Au-PeEL)EBL7015193 
035 |a (OCoLC)1330935105 
040 |a MiAaPQ  |b eng  |e rda  |e pn  |c MiAaPQ  |d MiAaPQ 
100 1 |a Wilm, Stefan. 
245 1 0 |a Assessment of General Practitioners' Performance in Daily Practice :  |b The EURACT Performance Agenda of General Practice/Family Medicine. 
250 |a 1st ed. 
264 1 |a Düsseldorf :  |b Walter de Gruyter GmbH,  |c 2014. 
264 4 |c {copy}2014. 
300 |a 1 online resource (104 pages) 
336 |a text  |b txt  |2 rdacontent 
337 |a computer  |b c  |2 rdamedia 
338 |a online resource  |b cr  |2 rdacarrier 
588 |a Description based on publisher supplied metadata and other sources. 
590 |a Electronic reproduction. Ann Arbor, Michigan : ProQuest Ebook Central, 2023. Available via World Wide Web. Access may be limited to ProQuest Ebook Central affiliated libraries.  
655 4 |a Electronic books. 
776 0 8 |i Print version:  |a Wilm, Stefan  |t Assessment of General Practitioners' Performance in Daily Practice  |d Düsseldorf : Walter de Gruyter GmbH,c2014 
797 2 |a ProQuest (Firm) 
856 4 0 |u https://ebookcentral.proquest.com/lib/matrademy/detail.action?docID=7015193  |z Click to View